| 000 -LEADER |
| fixed length control field |
00522pab a2200181 454500 |
| 008 - FIXED-LENGTH DATA ELEMENTS--GENERAL INFORMATION |
| fixed length control field |
180718b2015 xxu||||| |||| 00| 0 eng d |
| 100 ## - MAIN ENTRY--PERSONAL NAME |
| Personal name |
Birch, Sarah |
| 245 ## - TITLE STATEMENT |
| Title |
Should 16 years- olds be allowed to vote in Westminister elections? public opinion and electoral franchise reform |
| 260 ## - PUBLICATION, DISTRIBUTION, ETC. |
| Date of publication, distribution, etc. |
2015 |
| 300 ## - PHYSICAL DESCRIPTION |
| Extent |
p.291-313. |
| 362 ## - DATES OF PUBLICATION AND/OR SEQUENTIAL DESIGNATION |
| Dates of publication and/or sequential designation |
Apr |
| 650 ## - SUBJECT ADDED ENTRY--TOPICAL TERM |
| Topical term or geographic name entry element |
Electoral systems |
| 650 ## - SUBJECT ADDED ENTRY--TOPICAL TERM |
| Topical term or geographic name entry element |
Elections |
| 700 ## - ADDED ENTRY--PERSONAL NAME |
| Personal name |
Whiteley, Paul |
| 700 ## - ADDED ENTRY--PERSONAL NAME |
| Personal name |
Clarke, Harold D. |
| 773 ## - HOST ITEM ENTRY |
| Main entry heading |
Parliamentary Affairs |
| 909 ## - |
| -- |
108140 |